Statistics for Guess the Finnish word in English

Click here to take the quiz!

General Stats

  • This quiz has been taken 110 times
  • The average score is 17 of 25

Answer Stats

HintAnswer% Correct
omenaapple
91%
koiradog
88%
banaanibanana
86%
biologiabiology
85%
poliisipolice
85%
postipost
85%
SaksaGermany
81%
appelsiiniorange
79%
VenäjäRussia
77%
sitruunalemon
74%
ollabe, to be
72%
kirjabook
72%
juustocheese
67%
droonidrone
66%
KreikkaGreece
65%
fysiikkaphysics
64%
juostato run, run
62%
geenigene
61%
pupubunny
57%
pussibag
53%
aivotbrain
53%
tappaato kill
53%
fiilisfeeling
44%
epäilyttäväsuspicious
38%
rokotevaccine
36%

Score Distribution

Percentile by Number Answered

Percent of People with Each Score

Your Score History

You have not taken this quiz